000
00304nam a2200121Ia 4500
008
190722s9999 xx 000 0 und d
020
_a
978-93-325-5959-2
100
_a
Deitel, Deitel
245
0
_a
C++ How To Program
260
_a
India
_b
Pearson (Indian Ed.) Pvt. Ltd.
_c
2016
300
_a
1062
942
_c
BK
999
_c
239
_d
239